Personnages de My Hero Academia - Statistiques

Statistiques générales
  • Ce quiz a été pris 4 400 fois
  • Le résultat moyen est 45 sur 123
Statistiques - réponses
Numéro Réponse % Correct
1 Izuku Midoriya
99%
2 Katsuki Bakugo
98%
5 Shoto Todoroki
96%
46 All Might
94%
3 Ochaco Uraraka
91%
7 Momo Yaoyorozu
85%
9 Denki Kaminari
84%
6 Eijiro Kirishima
83%
47 Eraser Head
83%
4 Tenya Iida
81%
8 Tsuyu Asui
81%
63 Tomura Shigaraki
80%
97 Endeavor
78%
12 Minoru Mineta
78%
11 Mina Ashido
77%
62 All For One
76%
66 Crématorium
74%
67 Himiko Toga
72%
13 Fumikage Tokoyami
68%
98 Hawks
65%
10 Kyoka Jiro
65%
41 Mirio Togata
65%
49 Midnight
58%
105 Mount Lady
58%
96 Eri
56%
15 Hanta Sero
55%
20 Toru Hagakure
55%
68 Twice
53%
19 Yuga Aoyama
53%
17 Koji Koda
50%
79 Overhaul
50%
36 Sen Kaibara
49%
42 Tamaki Amajiki
49%
18 Rikido Sato
48%
78 Stain
48%
16 Mezo Shoji
47%
43 Nejire Hado
47%
14 Mashirao Ojiro
44%
21 Neito Monoma
44%
48 Cementos
43%
23 Tetsutetsu Tetsutetsu
43%
60 Gran Torino
42%
82 Shin Nemoto
42%
99 Best Jeanist
40%
64 Black Mist
40%
44 Hitoshi Shinso
40%
94 Rei Todoroki
39%
88 Yu Hojo
39%
50 Nezu
37%
106 Fat Gum
36%
118 Ingenium
36%
110 Lock Lock
36%
45 Mei Hastume
36%
61 Nana Shimura
36%
53 Present Mic
36%
107 Sir Nighteye
36%
22 Itsuka Kendo
33%
70 Spinner
33%
75 Brainless
32%
102 Dieu Sylvestre
31%
95 Inko Midoriya
31%
116 Kota Izumi
31%
72 Muscular
30%
120 Yo Shindo
29%
52 Ectoplasm
28%
54 Numéro 13
28%
100 Edgeshot
27%
104 Gang Orca
26%
26 Ibara Shiozaki
26%
55 Recovery Girl
26%
90 Gentle
25%
83 Kendo Rappa
25%
91 Love Lover
24%
71 Mr. Compress
24%
103 Ryukyu
24%
51 Snipe
24%
59 Vlad King
24%
69 Magnet
23%
40 Manga Fukidashi
21%
109 Centipede
20%
121 Inasa Yoarashi
20%
112 Mandalay
20%
38 Pony Tsunotori
20%
87 Toya Setsuno
20%
122 Camie Ustushimi
19%
101 Miruko
19%
56 Hound Dog
18%
25 Juzo Honenuki
18%
113 Pixie Bob
18%
33 Kinoko Komori
17%
111 Manual
17%
119 Miss Joke
17%
32 Setsuna Tokage
17%
108 Bubble Girl
16%
65 Gigantomachia
16%
35 Hiryu Rin
16%
29 Jurota Shishida
16%
115 Tora
16%
24 Yosetsu Awase
16%
27 Yui Kodai
16%
39 Kosei Tsuburaba
15%
58 Power Loader
15%
114 Ragdoll
15%
31 Shihai Kuroiro
15%
30 Kojiro Bondo
14%
28 Nirengeki Shoda
14%
34 Reiko Yanagi
14%
37 Togaru Kamakiri
14%
57 Lunch Rush
13%
74 Moonfish
13%
73 Mustard
12%
123 Seiji Shishikura
12%
92 Naomasa Tsukauchi
11%
80 Chronostasis
10%
77 Giran
9%
81 Mimic
9%
117 Crimson Riot
8%
76 High End
7%
86 Rikiya Katsukame
7%
85 Deidoro Sakaki
5%
84 Hekiji Tengai
5%
93 Mera Yokumiru
5%
89 Soramitsu Tabe
5%
Aucun quiz correspondant
Distribution des résultats
% des personnes avec chaque résultat
Percentile par nombre de réponses
Votre historique - résultats
Vous n’avez pas pris ce quiz